000 00899nam a2200253Ia 4500
003 OSt
005 20220923215743.0
006 a|||||r|||| 00| 0
007 ta
008 220922b |||||||| |||| 00| 0 hin d
024 _a181,509
037 _cTextual
040 _aARTS
_cARTS
_bhin
041 _2hin
_ahin
082 _aO152,1N08:g(Y:1), M4
100 _aनीरद, जयसिंह
_9156291
245 0 _aदिनकर के काव्य में परम्परा और आधूनिकता
246 _aDinakar ke kāvya mean paramparā aur ādhūnikatā
260 _aमेरठ
_b अनुराधा प्रकाशन
_c1984
300 _a359 पृ.
_ccm.
650 _aहिन्दी साहित्य
_9156264
942 _hO152,1N08:g(Y:1), M4
_cTEXL
_2CC
999 _c334886
_d334886